| 000 | 00531nam a2200241Ia 4500 | ||
|---|---|---|---|
| 003 | IT-RoPAU | ||
| 008 | 120407s9999 xx 000 0 und d | ||
| 040 | _aIT-RoPAU | ||
| 040 | _cIT-RoPAU | ||
| 041 | _aita | ||
| 100 | _aPaul Beauchamp | ||
| 245 | _aL’uno e l’altro testamento | ||
| 250 | _aBrescia | ||
| 260 | _aPaideia | ||
| 260 | _c1985 | ||
| 300 | _a364 p. | ||
| 300 | _c21 cm | ||
| 490 | _aBiblioteca di cultura religiosa,46 | ||
| 490 | _v1 | ||
| 600 | _aSaggio di lettura | ||
| 942 | _cBK | ||
| 999 |
_c33441 _d33441 |
||